|
|
|
|
| LEADER |
00000nam#a22000001a#4500 |
| 001 |
00030750 |
| 003 |
AR-BaUAD |
| 005 |
20230908142150.0 |
| 008 |
050520s1979####xxua|||##||||||||#||eng|d |
| 020 |
|
|
|a 0442215347
|
| 040 |
|
|
|a AR-BaUAD
|b spa
|c AR-BaUAD
|
| 041 |
|
|
|a eng
|
| 044 |
|
|
|c us
|2 ISO3166-1
|
| 100 |
1 |
|
|a Ching, Frank,
|d 1943-
|
| 245 |
1 |
0 |
|a Architecture :
|b form, space & order
|
| 260 |
|
|
|a New York :
|b Van Nostrand Reinhold,
|c c1979
|
| 300 |
|
|
|a 394 p. :
|b il., axonom., cortes, dib., persp., plantas
|
| 504 |
|
|
|a A selected bibliography: p. 388
|
| 500 |
|
|
|a Index of buildings: p. 389-393
|
| 500 |
|
|
|a Index of subject matter: p. 393-394.
|
| 653 |
|
|
|a TEORIA
|
| 653 |
|
|
|a ARQUITECTURA
|
| 653 |
|
|
|a MORFOLOGIA
|
| 653 |
|
|
|a DISEÑO
|
| 655 |
|
|
|a TEXTO
|
| 852 |
|
|
|c 29-5
|
| 952 |
|
|
|0 0
|1 0
|4 0
|6 295
|7 0
|9 38261
|a AR-BaUAD
|b AR-BaUAD
|d 0000-00-00
|e donac. Arq. Ricardo Héctor Rodríguez
|g 80.00
|i 30750
|l 0
|o 29-5
|p tul2m30750
|r 2023-09-08 14:21:50
|w 2023-09-08
|y BK
|
| 990 |
|
|
|a Ej. No1 : 30750 . 6/5/2005 -- donac. Arq. Ricardo Héctor Rodríguez -- (80 pesos).
|b ADM
|
| 990 |
|
|
|a 17320
|b OS
|
| 990 |
|
|
|a 18393
|b OS
|
| 990 |
|
|
|a AQ197
|b TD
|
| 990 |
|
|
|a AAQ00030750
|b CC
|
| 998 |
|
|
|a AAQ
|b Bibun 76
|
| 942 |
|
|
|c BK
|
| 999 |
|
|
|c 19321
|d 19321
|